<?xml version="1.0" encoding="UTF-8"?>
<collection xmlns="http://www.loc.gov/MARC21/slim">
  <record>
    <leader>00000nam  2200000   4500</leader>
    <controlfield tag="001">NUTBA000000000006336</controlfield>
    <controlfield tag="005">20200304075457</controlfield>
    <datafield tag="035" ind1="#" ind2="#">
      <subfield code="a">0010-121400000000060</subfield>
    </datafield>
    <controlfield tag="008">200304################g##########0#ind##</controlfield>
    <datafield tag="020" ind1="#" ind2="#">
      <subfield code="a">979-9402-86-7</subfield>
    </datafield>
    <datafield tag="082" ind1="#" ind2="#">
      <subfield code="a">135</subfield>
    </datafield>
    <datafield tag="100" ind1="#" ind2="#">
      <subfield code="a">Ushaimy, fahd bin saud</subfield>
    </datafield>
    <datafield tag="245" ind1="1" ind2="#">
      <subfield code="a">Mimpi dan bunga mimpi :</subfield>
      <subfield code="b">( Kajian qur'an dan hadits ) /</subfield>
      <subfield code="c">Syekh fahd bin saud al-ushaimy; Penerjemah, Saifuddin aman; Editor, saifuddin aman</subfield>
    </datafield>
    <datafield tag="250" ind1="#" ind2="#">
      <subfield code="a">Cet.1</subfield>
    </datafield>
    <datafield tag="260" ind1="#" ind2="#">
      <subfield code="a">Jakarta :</subfield>
      <subfield code="b">Al-Mawardi Prima,</subfield>
      <subfield code="c">2004</subfield>
    </datafield>
    <datafield tag="300" ind1="#" ind2="#">
      <subfield code="a">vi,140 Hlm ;</subfield>
      <subfield code="c">14 x 21 Cm</subfield>
    </datafield>
    <datafield tag="850" ind1="#" ind2="#">
      <subfield code="a">NBPNMAT</subfield>
    </datafield>
    <datafield tag="084" ind1="#" ind2="#">
      <subfield code="a">135 USH m</subfield>
    </datafield>
    <datafield tag="500" ind1="#" ind2="#">
      <subfield code="a">Judul asli : Ta'bir al-ru'ya usthalahat mu'ashirat asilat wa ajwibat</subfield>
    </datafield>
    <datafield tag="650" ind1="#" ind2="4">
      <subfield code="a">Mimpi dan kegaiban</subfield>
    </datafield>
    <datafield tag="990" ind1="#" ind2="#">
      <subfield code="a">30500611</subfield>
    </datafield>
    <datafield tag="990" ind1="#" ind2="#">
      <subfield code="a">30500614</subfield>
    </datafield>
  </record>
</collection>
